000
00311nam a22001337a 4500
008
170825b xxu||||| |||| 00| 0 eng d
020
_a
9780534349165
041
_a
eng
080
_a
047
100
_a
39
101
_a
MED
245
_a
INTERVIEWING STRATEGIES FOR HELPERS
_c
CORMIER.SH
942
_2
udc
_c
BK
999
_c
25058
_d
25058